| 000 | 00740nam a22002057a 4500 | ||
|---|---|---|---|
| 999 |
_c15184 _d15184 |
||
| 003 | OSt | ||
| 082 | _2631.75807 NIM/WA | ||
| 088 | _aP 165 | ||
| 100 |
_aNIMITHA B _93381 |
||
| 245 | _aWater conservation plans for a hard laterite terrain - a case study | ||
| 260 |
_aTavanur 2006 _bKelappaji College of Agricultural Engineering and Technology |
||
| 300 | _a78 | ||
| 500 | _aWater conservation plans for a hard laterite terrain - a case study | ||
| 520 | _aWater conservation plans for a hard laterite terrain - a case study | ||
| 700 |
_aSreekanth J _93382 |
||
| 700 |
_aVini Babu _93383 |
||
| 700 |
_aEr. Renukakumari J (Guide) _93384 |
||
| 856 | _uhttps://drive.google.com/open?id=1qtSwMNNN0H64XvnIzhVLbc-DHjurOt-E | ||
| 942 | _cPR | ||